| 000 | 00993nam a22002537a 4500 | ||
|---|---|---|---|
| 001 | 9200 | ||
| 003 | FISKH | ||
| 005 | 20251128160327.0 | ||
| 008 | 251128b cb ||||| |||| 00| 0 eng d | ||
| 020 | _a9780721416960 | ||
| 040 |
_aFISKH _beng _cFISKH _dFISKH |
||
| 082 | _a 823.914 | ||
| 100 | _aPerham, Molly | ||
| 245 |
_aThe princess and the frog / _cillustrated by Sue King |
||
| 260 |
_aLoughborough : _bLadybird, _c1994. |
||
| 300 |
_a26 unnumbered pages : _bcolor illustrations ; _c18 cm |
||
| 505 | _aJ | ||
| 520 | _aThe former Well Loved Tales series have been redesigned with brighter inks and coated paper to enhance the appeal of these fairy tales to young children. They are all intended for one level of readability and are considered ideal bedtime stories. This is the story of the Princess and the frog. | ||
| 521 | 8 |
_a430
_bLexile estimate |
|
| 521 | 8 |
_aJ
_bRaz-Plus |
|
| 650 |
_aFairy tales _vChildren's literature |
||
| 942 |
_2ddc _cBK _n0 |
||
| 999 |
_c9200 _d9200 |
||